000 00361nam a2200133Ia 4500
008 220217s9999||||xx |||||||||||||| ||und||
020 _a0-07-049534-3
082 _a005.13 MER
100 _aMercer, Dave
_92645
245 0 _aASP. NET: a beginner's guide
260 _aTata mcgraw hill
_bNew Delhi
_c2002
300 _b295
650 _aPROGRAMMING LANGUAGE
999 _c171893
_d171893